Statistics for European Minority Groups Flag Quiz

Click here to take the quiz!

General Stats

  • This quiz has been taken 29 times
  • The average score is 14 of 40

Answer Stats

Answer% Correct
Basque
96%
Catalan/Catalonian
87%
Sardinian
78%
Sicilian
74%
Corsican
65%
Galician
65%
Sami
65%
Breton
61%
Manx
61%
Roma/Romani
61%
Faroese
57%
Inuit/Greenlandic
57%
Cornish
52%
Crimean Tartar/Crimean
48%
Yiddish
48%
Sorbian
43%
Frisian
39%
Lombard
39%
Bavarian
30%
Macedonian
30%
Occitan
30%
Silesian
26%
Aromanian
22%
Bashkir
22%
Chuvash
22%
Kashubian
22%
Balearic
17%
Gagauz
17%
Bosniak
13%
Lipka Tartar
13%
Ruthenian
13%
Alsace/Alsatian
9%
Gorani
9%
Sverige/Swedish
9%
Asturie/Austurian
4%
Burgenland Croat
4%
Lemko
4%
Pomak
4%
Slovenes
4%
Vlach
4%

Score Distribution

Percentile by Number Answered

Percent of People with Each Score

Your Score History

You have not taken this quiz